000 00564nam a2200193Ia 4500
003 GCL
008 140319s9999 xx 000 0 ara d
040 _aGCL /
_cGCL
082 0 4 _a823.9
_bل ق
100 1 _aثروت سلامة
245 1 0 _aالقدم الحديدية (هدية من الاديب عبدالفتاح الجمل) /
_cثروت سلامة
700 1 _aللدن، جاك
300 _a350 ص
490 _aالالف كتاب
_v0
650 0 4 _aالادب
650 0 4 _aالادب الانجليزى
650 0 4 _aالقصص
942 _2ddc
_cBK
999 _c40749
_d40749